<?xml version="1.0" encoding="UTF-8"?>
<record
    xmlns:xsi="http://www.w3.org/2001/XMLSchema-instance"
    xsi:schemaLocation="http://www.loc.gov/MARC21/slim http://www.loc.gov/standards/marcxml/schema/MARC21slim.xsd"
    xmlns="http://www.loc.gov/MARC21/slim">

  <leader>01612nam a2200289 a 4500</leader>
  <controlfield tag="001"> </controlfield>
  <controlfield tag="003">OSt</controlfield>
  <controlfield tag="005">20211108124754.0</controlfield>
  <controlfield tag="007"> </controlfield>
  <controlfield tag="008">090130s2001   dr ac         000 0 spa d</controlfield>
  <datafield tag="020" ind1=" " ind2=" ">
    <subfield code="a">9993476048</subfield>
  </datafield>
  <datafield tag="040" ind1=" " ind2=" ">
    <subfield code="a">DO-SdBNP</subfield>
    <subfield code="b">spa</subfield>
    <subfield code="c">BPMSU </subfield>
  </datafield>
  <datafield tag="082" ind1=" " ind2="4">
    <subfield code="a">324.22</subfield>
    <subfield code="b">G377e, 2001</subfield>
    <subfield code="2">22</subfield>
  </datafield>
  <datafield tag="100" ind1="1" ind2=" ">
    <subfield code="a">Ger&#xF3;nimo, Joaqu&#xED;n</subfield>
    <subfield code="d">1955-</subfield>
  </datafield>
  <datafield tag="245" ind1="1" ind2="0">
    <subfield code="a">En el nombre de Bosch /</subfield>
    <subfield code="c">Joaqu&#xED;n Ger&#xF3;nimo.</subfield>
  </datafield>
  <datafield tag="260" ind1=" " ind2=" ">
    <subfield code="a">Santo Domingo :</subfield>
    <subfield code="b">Alfa &amp; Omega, </subfield>
    <subfield code="c">2001</subfield>
  </datafield>
  <datafield tag="300" ind1=" " ind2=" ">
    <subfield code="a">285 p. :</subfield>
    <subfield code="b">il., retrs. ;</subfield>
    <subfield code="c">23 cm.</subfield>
  </datafield>
  <datafield tag="500" ind1=" " ind2=" ">
    <subfield code="a">Incluye datos biogr&#xE1;ficos del autor en la solapa de la cubierta</subfield>
  </datafield>
  <datafield tag="505" ind1="0" ind2=" ">
    <subfield code="t">La percepci&#xF3;n de Joaqu&#xED;n Ger&#xF3;nimo: en el nombre de Bosch --</subfield>
    <subfield code="t">Nota del autor --</subfield>
    <subfield code="g">I.</subfield>
    <subfield code="t">Bajo el signo de La Habana --</subfield>
    <subfield code="g">II.</subfield>
    <subfield code="t">En el v&#xF3;rtice de la guerra fr&#xED;a --</subfield>
    <subfield code="g">III.</subfield>
    <subfield code="t">Avanzar sobre campos minados --</subfield>
    <subfield code="g">IV.</subfield>
    <subfield code="t">EL camino era el socialismo --</subfield>
    <subfield code="g">V.</subfield>
    <subfield code="t">En guerra contra el populismo --</subfield>
    <subfield code="g">VI.</subfield>
    <subfield code="t">Volver al escenario electoral --</subfield>
    <subfield code="g">VII.</subfield>
    <subfield code="t">La batalla decisiva --</subfield>
    <subfield code="g">VIII. De jinete a cabalgadura --</subfield>
    <subfield code="t">IX. Mirando el agua correr bajo los puentes --</subfield>
    <subfield code="g">X.</subfield>
    <subfield code="t">Rumbo al puerto de origen --</subfield>
    <subfield code="t">ep&#xED;logo [traspaso de antorcha] --</subfield>
    <subfield code="t">Ap&#xE9;ndice: cronolog&#xED;a personal, nacional y mundial --</subfield>
    <subfield code="t">Carta del autor al presidente de la Rep&#xFA;blica, doctor Leonel Fern&#xE1;ndez --</subfield>
    <subfield code="t">Premisas fundamentales --</subfield>
    <subfield code="t">Hay que tener cuidado con el populismo --</subfield>
    <subfield code="t">El PLD en busca de su destino.</subfield>
  </datafield>
  <datafield tag="590" ind1=" " ind2=" ">
    <subfield code="a">Inventariado, 2021/VM</subfield>
  </datafield>
  <datafield tag="600" ind1="1" ind2="0">
    <subfield code="a"> Bosch, Juan, </subfield>
    <subfield code="d">1909-2001</subfield>
    <subfield code="9">1</subfield>
  </datafield>
  <datafield tag="610" ind1="2" ind2=" ">
    <subfield code="a">Partido de la Liberaci&#xF3;n Dominicana </subfield>
  </datafield>
  <datafield tag="650" ind1=" " ind2="4">
    <subfield code="a">Liderazgo pol&#xED;tico</subfield>
  </datafield>
  <datafield tag="650" ind1=" " ind2="4">
    <subfield code="a">Rep&#xFA;blica Dominicana</subfield>
    <subfield code="x">Pol&#xED;tica y gobierno</subfield>
    <subfield code="y">Siglo XX</subfield>
  </datafield>
  <datafield tag="910" ind1=" " ind2=" ">
    <subfield code="a">VMateo V. </subfield>
  </datafield>
  <datafield tag="942" ind1=" " ind2=" ">
    <subfield code="2">ddc</subfield>
    <subfield code="c">BK</subfield>
  </datafield>
  <datafield tag="952" ind1=" " ind2=" ">
    <subfield code="0">0</subfield>
    <subfield code="1">0</subfield>
    <subfield code="2">ddc</subfield>
    <subfield code="4">0</subfield>
    <subfield code="7">0</subfield>
    <subfield code="8">CD</subfield>
    <subfield code="a">BPMET</subfield>
    <subfield code="b">BPMET</subfield>
    <subfield code="d">2021-11-08</subfield>
    <subfield code="e">Fundac&#xF3;n Juan Bosch </subfield>
    <subfield code="l">0</subfield>
    <subfield code="o">BPMSU CD 324.22 G377e, 2001</subfield>
    <subfield code="p">BPMSU21110059</subfield>
    <subfield code="r">2021-11-08</subfield>
    <subfield code="w">2021-11-08</subfield>
    <subfield code="y">BK</subfield>
  </datafield>
  <datafield tag="952" ind1=" " ind2=" ">
    <subfield code="0">0</subfield>
    <subfield code="1">0</subfield>
    <subfield code="2">ddc</subfield>
    <subfield code="4">0</subfield>
    <subfield code="7">0</subfield>
    <subfield code="8">CD</subfield>
    <subfield code="a">BPMET</subfield>
    <subfield code="b">BPMET</subfield>
    <subfield code="d">2021-11-08</subfield>
    <subfield code="e">Fundac&#xF3;n Juan Bosch </subfield>
    <subfield code="o">BPMSU CD 324.22 G377e 2001</subfield>
    <subfield code="p">BPMSU21110060</subfield>
    <subfield code="r">2021-11-08</subfield>
    <subfield code="t">e.2</subfield>
    <subfield code="w">2021-11-08</subfield>
    <subfield code="y">BK</subfield>
  </datafield>
  <datafield tag="999" ind1=" " ind2=" ">
    <subfield code="c">13854</subfield>
    <subfield code="d">13854</subfield>
  </datafield>
</record>
